000 00369 a2200109 4500
001 ART_40745
005 20260410161628.0
008 260409a
245 1 0 _aConversión de la quiebra en concurso preventivo y los supuestos de improcedencia de su declaración
100 1 _aRodríguez, Raquel E.
773 0 _tEnfoques
_g- Nº 10 (oct. 2016)
_wREV416
999 _c12208
_d12208